Nozokomiálne fungémie u onkologických pacientov vyvolané kvasinkami Candida krusei

Bibliographic Details
Main Authors: Špánik, Stanislav (Author), Trupl, Jan, 1943- (Author), Roidová, A. (Author), Grausová, S. (Author), Tareková, Zuzana (Author), Ondrušová, Adriana, 1971- (Author), Krúpová, Y. (Author), Mateička, František, 1960- (Author), Pichňová, E. (Author), Grey, Eva, 1968- (Author), Sabó, Alexander, 1941- (Author), Strehárová, Anna, 1946- (Author), Buček, Svatopluk (Author)
Format: Article
Language:Slovak
PhysicalDescription:Tab.
ISSN:1335-0579
Subjects:

MARC

LEADER 00000nab a2200000 a 4500
001 vtls000725504
003 SK-MaSNL
005 20260304102853.0
008 250429c2000 xo 0 slo
015 |a SNBRB2000/06-15567 
035 |a CLN000077667 
035 |a urn:nbn:sk:snk-ab2eu1 
035 |a (urnnbn)urn:nbn:sk:snk:ar-a02bgl 
035 |a (uuid)86121ee9-45c9-4ea7-bd71-d5b6ce15da57 
040 |a SNKBUCL  |b slo  |c SNKBUCL  |e AACR2 
041 0 |a slo 
044 |a xo  |c SK 
080 |a 616-022.7:616-006:615.33  |2 1997 
080 |a 616-006  |2 1997 
080 |a 615.33  |2 1997 
245 0 0 |a Nozokomiálne fungémie u onkologických pacientov vyvolané kvasinkami Candida krusei  |c S. Špánik ... [et al.] 
300 |b Tab. 
504 |a Bibliogr. odkazy 
504 |a Res. slov. 
650 0 7 |a fungémia  |x pacienti onkologickí  |2 snkbucl  |9 1400326 
650 0 7 |a Candida krusei  |2 snkbucl  |9 1208784 
650 0 7 |a antibiotiká  |2 snkbucl  |9 2424 
655 7 |a články z novín a časopisov  |2 snkbucl  |9 267496 
700 1 |a Špánik, Stanislav  |4 aut  |9 13119 
700 1 |a Trupl, Jan,  |d 1943-  |4 aut  |9 242388 
700 1 |a Roidová, A.  |4 aut  |9 1232225 
700 1 |a Grausová, S.  |4 aut  |9 1232401 
700 1 |a Tareková, Zuzana  |4 aut  |9 1400332 
700 1 |a Ondrušová, Adriana,  |d 1971-  |4 aut  |9 231661 
700 1 |a Krúpová, Y.  |4 aut  |9 1251914 
700 1 |a Mateička, František,  |d 1960-  |4 aut  |9 224497 
700 1 |a Pichňová, E.  |4 aut  |9 1397751 
700 1 |a Grey, Eva,  |d 1968-  |4 aut  |9 23042 
700 1 |a Sabó, Alexander,  |d 1941-  |4 aut 
700 1 |a Strehárová, Anna,  |d 1946-  |4 aut  |9 209742 
700 1 |a Buček, Svatopluk  |4 aut  |9 1400333 
773 0 |t Acta chemotherapeutica  |g Roč. 9, č. 2-3 (2000), s. 180-187  |x 1335-0579 
850 |a Slovenská národná knižnica 
852 |a Slovenská národná knižnica 
954 |a odborná, vedecká literatúra pôvodná (slovenská)  |2 lita 
958 |a article27 
958 |a NB 
958 |a MI 
958 |a OND 
958 |a EUIPO 
992 |a RBX 
999 |c 2847013  |d 2848943